| 000 | 01025nas a2200313 4500 | ||
|---|---|---|---|
| 001 | BR2017002431 | ||
| 003 | BR-BrBNA | ||
| 005 | 20231205131058.0 | ||
| 007 | ta | ||
| 008 | 230509b bl.|||p| |||| 00| 00por d | ||
| 040 |
_aBR-BrBNA _bpor _cBiblioteca Nacional de Agricultura |
||
| 041 | _a(En) | ||
| 072 | _aF61; F01 | ||
| 100 | 1 | _aLeite, R. da S. | |
| 100 | 1 | _aTanan, T.T. | |
| 100 | 1 | _aNascimento, M.N. do | |
| 100 | 1 | _aOliveira, L.M. de | |
| 100 | 1 | _aAbreu, P.A. da S. | |
| 245 | 1 | _aHydroponic cultivation of Physalis angulata L.: growth and production under nitrogen doses | |
| 650 | _aCAMAPU | ||
| 650 | _aCULTIVO HIDROPÔNICO | ||
| 650 | _aCRESCIMENTO | ||
| 650 | _aFERTILIZANTE NITROGENADO | ||
| 650 | _aPRODUÇÃO VEGETAL | ||
| 773 | 0 |
_tPesquisa Agropecuária Tropical (Brazil) _xISSN 1983-4063 _g(Apr-Jun 2017), v. 47(2) p. 145-151 _wBR2017002431 |
|
| 856 | 4 | 0 | _uhttp://www.scielo.br/pdf/pat/v47n2/1983-4063-pat-47-02-0145.pdf |
| 909 |
_a202311 _bLúcia _c55 _dLúcia Elande |
||
| 942 |
_2AGRIS _n0 _cANA |
||
| 999 |
_c252911 _d252911 |
||